00763cam a22002414a 45000010008000000030006000080050017000140080041000310100017000720200015000890400018001040420008001220500022001300820021001521000030001732450101002032600051003043000021003556500036003766500038004126500044004507000027004941212140GBCCL20241126110449.0990105s1999 mou 000 0 eng  a 99011985  a0570053390 aDLCcDLCdDLC apcc00aBV4847b.B54 199900a242.643221bBOF1 aBoffo, Nancy Otto,d1953-14aThe tie that binds :bmeditations for mothers and daughters /cNancy Otto Boffo & Linda Tomblin. aSt. Louis, MO :bConcordia Pub. House,cc1999. a268 p. ;c21 cm. 0aMothersvPrayers and devotions. 0aDaughtersvPrayers and devotions. 0aChristian womenvPrayers and devotions.1 aTomblin, Linda,d1941-